<?xml version="1.0" encoding="UTF-8"?><?xml-stylesheet type="text/xsl" href="static/style.xsl"?><OAI-PMH xmlns="http://www.openarchives.org/OAI/2.0/" xmlns:xsi="http://www.w3.org/2001/XMLSchema-instance" xsi:schemaLocation="http://www.openarchives.org/OAI/2.0/ http://www.openarchives.org/OAI/2.0/OAI-PMH.xsd"><responseDate>2026-04-13T12:32:20Z</responseDate><request verb="GetRecord" identifier="oai:www.recercat.cat:10459.1/46547" metadataPrefix="marc">https://recercat.cat/oai/request</request><GetRecord><record><header><identifier>oai:recercat.cat:10459.1/46547</identifier><datestamp>2024-12-05T21:58:17Z</datestamp><setSpec>com_2072_3622</setSpec><setSpec>col_2072_479130</setSpec></header><metadata><record xmlns="http://www.loc.gov/MARC21/slim" xmlns:dcterms="http://purl.org/dc/terms/" xmlns:xsi="http://www.w3.org/2001/XMLSchema-instance" xmlns:doc="http://www.lyncode.com/xoai" xsi:schemaLocation="http://www.loc.gov/MARC21/slim http://www.loc.gov/standards/marcxml/schema/MARC21slim.xsd">
   <leader>00925njm 22002777a 4500</leader>
   <datafield ind2=" " ind1=" " tag="042">
      <subfield code="a">dc</subfield>
   </datafield>
   <datafield ind2=" " ind1=" " tag="720">
      <subfield code="a">López Alonso, Raúl</subfield>
      <subfield code="e">author</subfield>
   </datafield>
   <datafield ind2=" " ind1=" " tag="260">
      <subfield code="c">2013-04-03T11:31:23Z</subfield>
   </datafield>
   <datafield ind2=" " ind1=" " tag="260">
      <subfield code="c">2013-04-03T11:31:23Z</subfield>
   </datafield>
   <datafield ind2=" " ind1=" " tag="260">
      <subfield code="c">2002</subfield>
   </datafield>
   <datafield ind2=" " ind1=" " tag="520">
      <subfield code="a">Al abordar problemas hidráulicos en cauces en los que la rugosidad varía a lo largo del perímetro, es usual el empleo de un único coeficiente de rugosidad de efectos hidráulicos equivalentes. Desde finales del primer tercio del siglo XX, se han ido proponiendo diversas expresiones para la determinación de un coeficiente de rugosidad equivalente, diferenciándose éstas en las hipótesis hidráulicas asumidas. En el presente trabajo se han revisado ocho de estas ecuaciones, proponiéndose la modificación de una de ellas, y, a la luz de las hipótesis propuestas en cada una, se recomienda su uso más adecuado en función de la heterogeneidad geométrica de la sección estudiada. A efectos ilustrativos, se han contrastado numéricamente las fórmulas recopiladas, aplicándolas a un hipotético cauce natural con márgenes más rugosos que el lecho. Asimismo, se han proporcionado una serie de pautas a fin de caracterizar adecuadamente la heterogeneidad de la rugosidad en el contorno, y obtener así una división en subsecciones lo más fundamentada posible en criterios hidráulicos. Por último, a partir de la revisión de las experiencias en campo y laboratorio realizadas en esta materia durante los últimos treinta años, se intentan extraer algunas conclusiones sobre la capacidad de predicción de las fórmulas recopiladas.</subfield>
   </datafield>
   <datafield ind1="8" ind2=" " tag="024">
      <subfield code="a">http://hdl.handle.net/10459.1/46547</subfield>
   </datafield>
   <datafield tag="653" ind2=" " ind1=" ">
      <subfield code="a">Hidràulica</subfield>
   </datafield>
   <datafield tag="653" ind2=" " ind1=" ">
      <subfield code="a">Hidrologia</subfield>
   </datafield>
   <datafield tag="653" ind2=" " ind1=" ">
      <subfield code="a">Cursos d'aigua</subfield>
   </datafield>
   <datafield tag="653" ind2=" " ind1=" ">
      <subfield code="a">Rius</subfield>
   </datafield>
   <datafield tag="653" ind2=" " ind1=" ">
      <subfield code="a">Cabal (Hidrologia) -- Mesurament</subfield>
   </datafield>
   <datafield tag="653" ind2=" " ind1=" ">
      <subfield code="a">Enginyeria hidràulica</subfield>
   </datafield>
   <datafield ind2="0" ind1="0" tag="245">
      <subfield code="a">Métodos para la determinación del coeficiente de resistencia al flujo en cauces de rugosidad heterogénea</subfield>
   </datafield>
</record></metadata></record></GetRecord></OAI-PMH>